AS Roma Scorers in Serie A 2019-20 - Statistics

General Stats
  • This quiz has been taken 121 times
  • The average score is 11 of 18
Answer Stats
Player Goals % Correct
Edin Džeko 16
98%
Lorenzo Pellegrini 1
86%
Gianluca Mancini 1
76%
Chris Smalling 3
71%
Nicolò Zaniolo 6
70%
Diego Perotti 5
69%
Bryan Cristante 1
68%
Jordan Veretout 6
68%
Cengiz Ünder 3
62%
Justin Kluivert 4
62%
Aleksandar Kolarov 7
53%
Leonardo Spinazzola 1
53%
Henrikh Mkhitaryan 9
51%
Federico Fazio 1
45%
Bruno Peres 2
41%
Carles Pérez 1
38%
Amadou Diawara 1
34%
Nikola Kalinić 5
33%
No matching quizzes found
Score Distribution
Percent of People with Each Score
Percentile by Number Answered
Your Score History
You have not taken this quiz